Ehemalige VfB Stuttgart Spieler - Statistiken

Allgemein
  • Dieses Quiz wurde 124 mal gespielt
  • Das Durchschnittsergebnis liegt bei 13 aus 16
Antwortstatistiken
Bildquiz Antwort % Korrekt
Philipp Lahm
99%
Mario Gomez
98%
Joachim Löw
95%
Kevin Großkreutz
95%
Timo Werner
94%
Jens Lehmann
93%
Fredi Bobic
91%
Giovane Élber
90%
Jürgen Klinsmann
89%
Kevin Kuranyi
87%
Timo Hildebrand
84%
Krasimir Balakov
67%
Dieter Hoeneß
65%
Fritz Walter
45%
Horst Heldt
33%
Thorsten Legat
27%
Keine übereinstimmenden Quizze gefunden
Verteilung der Resultate
Anzahl Personen mit jedem Resultat
Perzentil nach korrekt beantworteten Fragen
Ihre Resultats-Entwicklung
Sie haben dieses Quiz noch nicht gespielt